| 000 | 00388nam a2200169Ia 4500 | ||
|---|---|---|---|
| 008 | 221030s9999 xx 000 0 und d | ||
| 020 | _a007047401X | ||
| 041 | _aEnglish | ||
| 082 |
_a105.23 _bSax |
||
| 100 | _aR. Saxena | ||
| 245 | 0 |
_aMarketing Management _cby R. Saxena |
|
| 250 | _a2nd | ||
| 260 |
_bTMH _aNew Delhi _c2002 |
||
| 300 | _a669 | ||
| 650 | _aBE Management | ||
| 942 | _cBK | ||
| 999 |
_c8180 _d8180 |
||